000 00949nam a22002297a 4500
003 NALT
005 20251125232940.0
008 s2540 th tha d
040 _aNALT
041 _atha
050 _aDU408 ว711ร 2540
100 0 _aวิโรจน์ ถิรคุณ
245 1 0 _aรู้ไว้ก่อนไปนิวซีแลนด์ /
_cวิโรจน์ ถิรคุณ.
260 3 _aกรุงเทพฯ :
_bสมิต,
_c2540
300 _a511 หน้า :
_b ภาพประกอบ ;
_c 21 ซม.
650 0 4 _aนิวซีแลนด์ -- รวมเรื่อง
650 0 4 _aนิวซีแลนด์ -- ภูมิประเทศและการท่องเที่ยว
850 _aNALT
856 4 0 _uhttps://hdl.handle.net/20.500.14156/386596
942 _cGB
_2lcc
999 _c41201
_d41201
998 _j109
_k อารีรัตน์ วิชาช่าง